000 00383nam a2200169Ia 4500
003 IT-RoPAU
008 120407s9999 xx 000 0 und d
040 _aIT-RoPAU
040 _cIT-RoPAU
100 _aHartmann Batzill
245 _aDecisiones Sanctae Sedis de usu et abusu matrimonii
250 _aTorino
260 _aMarietti
300 _c cm
490 _v1
942 _cBK
999 _c8015
_d8015